000 00517nam a2200145Ia 4500
003 GCL
008 140319s9999 xx 000 0 ara d
040 _aGCL /
_cGCL
082 0 4 _a343.088
_bع ق
245 1 0 _aقانون الغرف التجارية ولائحته التنفيذية :
_bوالقوانين والقرارات المكملة له
300 _a248 ص ؛
_c24 سم
650 0 4 _aالغرف التجارية
650 0 4 _aالتجارة الداخلية - قوانين وتشريعات
942 _2ddc
_cBK
999 _c6348
_d6348